Hermann et Dorothée
Kaydedildi:
| Yazar: | |
|---|---|
| Materyal Türü: | Kitap |
| Dil: | Fransızca Almanca |
| Baskı/Yayın Bilgisi: |
París
Montaigne
1950
|
| Seri Bilgileri: | Collection Bilingue des Classiques Etrangers
|
| Konular: | |
| Etiketler: |
Etiketle
Etiket eklenmemiş, İlk siz ekleyin!
|
MARC
| LEADER | 00000nam a2200000 a 4500 | ||
|---|---|---|---|
| 001 | UCO5128 | ||
| 003 | CL-VaPUC | ||
| 008 | 000825e19500000FR |||||||||||||||||fre|d | ||
| 041 | 0 | 7 | |a fre |2 CL-VaPUC |
| 041 | 0 | 7 | |a ger |2 CL-VaPUC |
| 082 | 0 | 4 | |a 831 |b GOE |2 21 |
| 100 | |a Goethe, Johann Wolfgang von, |d 1749-1832 |e autor |9 265453 | ||
| 245 | 1 | 0 | |a Hermann et Dorothée |
| 300 | |a 85 p | ||
| 942 | |c BK | ||
| 945 | |d 20000825 00:00:00 |a crobeson | ||
| 260 | |a París |b Montaigne |c 1950 | ||
| 650 | 7 | |a POESIAS ALEMANAS |2 CL-VaPUC |9 449875 | |
| 650 | 0 | |a Elegías |9 403575 | |
| 650 | 0 | |a Literatura alemana |9 265457 | |
| 583 | |a last modification |c 20000825 00:00:00 |k Rodrigo Vera | ||
| 490 | 0 | |a Collection Bilingue des Classiques Etrangers | |
| 999 | |c 291081 |d 291079 | ||
| 952 | |0 0 |1 0 |4 0 |6 831_000000000000000_GOE_1950 |7 0 |8 A |9 340740 |a BIBART |b BIBART |d 2019-11-20 |i 1219308 |o 831 GOE 1950 |p 1219308 |r 2023-01-11 |w 2019-11-20 |y BK |k ART | ||